| 000 | 01491nam a22003737a 4500 | ||
|---|---|---|---|
| 003 | CHAP | ||
| 005 | 20220329141114.0 | ||
| 008 | 971014s1997 r 00010 d | ||
| 010 | _a62643 | ||
| 011 | _a63615 | ||
| 035 | _a67791 | ||
| 040 | _cCHAP | ||
| 082 |
_a631.312 _bC7 |
||
| 100 | 0 | 0 |
_aCruz León, Artemio. _929466 |
| 245 |
_aY sigue la yunta andando _b: tracción animal en la agricultura de México |
||
| 260 |
_aChapingo, Méx. : _bUACH. Dirección General de Difusión Cultural, _c1997 |
||
| 300 |
_a173 p. _b; ilus. : gráfs. |
||
| 590 |
_aBATCH-UPD _b10 _c20130110 _lUCH01 _h1047 |
||
| 590 |
_aBATCH-UPD _b10 _c20130410 _lUCH01 _h0645 |
||
| 590 |
_aBATCH-UPD _b10 _c20130914 _lUCH01 _h0336 |
||
| 590 |
_aCONVERSION _b10 _c20130109 _lUCH01 _h1334 |
||
| 650 | 1 | 4 |
_aAnimales de carga. _95878 |
| 650 | 1 | 4 |
_aArados. _96417 |
| 650 | 1 | 4 |
_aEnergía animal. _936889 |
| 901 | _aBK | ||
| 942 | _cLIBRO | ||
| 949 |
_a631.312 C7 _bBC _cLIBRO _d33724000633988 _eLIBRO _gI.c/e _h92351 _i67791 _si |
||
| 949 |
_a631.312 C7 _bBC _cLIBRO _d33724000692190 _eLIBRO _fc. 3 _h93395 _i67791 _si |
||
| 949 |
_a631.312 C7 _bBC _cLIBRO _d33724000692208 _eLIBRO _fc. 4 _h93396 _i67791 _si |
||
| 949 |
_a631.312 C7 _bBC _cLIBRO _d33724000692216 _eLIBRO _fc. 5 _h93397 _i67791 _si |
||
| 949 |
_a631.312 C7 _bBC _cLIBRO _d33724000692224 _eLIBRO _fc. 6 _h93398 _i67791 _sb |
||
| 949 |
_a631.312 C7 _bBC _cLIBRO _d33724000696688 _eLIBRO _fc.7 _h93401 _i67791 _si |
||
| 949 |
_a631.312 C7 _bBC _cUACH _d33724000633970 _eUACH _fc.2 _gI.c/e _h92352 _i67791 _si |
||
| 999 |
_c62643 _d62643 |
||